Miasta powyżej 100k mieszkańców w krajach bałtyckich - Statystyki

Ogólne statystyki
  • Ten quiz został rozwiązany 75 razy
  • Średni wynik to 5 z 6
Statystyki odpowiedzi
Państwo Miasto % Poprawnych
Łotwa Ryga
100%
Estonia Tallinn
100%
Litwa Wilno
100%
Litwa Kowno
88%
Litwa Kłajpeda
73%
Litwa Szawle
32%
Nie znaleziono quizów pasujących do podanych kryteriów
Rozkład punktacji
Procent ludzi z każdym wynikiem
Percentyl według liczby udzielonych odpowiedzi
Twoja historia wyników
Nie rozwiązałeś tego quizu